| 000 | 01076nam a22002417a 4500 | ||
|---|---|---|---|
| 008 | 130821s1946 sp gr dspa | ||
| 040 |
_aCo-BoUCM _bspa |
||
| 041 | 0 | 0 | _aspa |
| 092 | _aFM 000514 | ||
| 100 |
_aBenet, Rafael _9148421 |
||
| 245 | 0 | 0 |
_aVelázquez _bla actualidad de Velázquez : ensayo biográfico y crítico, con sesenta y cuatro ilustraciones fuera de texto _cRafael Benet |
| 260 |
_aBarcelona (España) _bIberia _c1946 |
||
| 300 | _a166 páginas | ||
| 500 | _aIncluye bibliografía e índice. -- Este libro se encuentra en el depósito de la biblioteca | ||
| 600 |
_aVelásquez, Diego Rodríguez de Silva y _d1599-1660 _9118063 |
||
| 600 |
_aVelásquez, Diego Rodríguez de Silva y _d1599-1660 _vBiografías _9148422 |
||
| 600 |
_aVelásquez, Diego Rodríguez de Silva y _d1599-1660 _xCrítica e interpretación, etc. _9148423 |
||
| 600 |
_aVelásquez, Diego Rodríguez de Silva y _d1599-1660 _xTrabajos pictóricos _9148424 |
||
| 650 | 0 | 4 |
_aBiografías _97343 |
| 650 | 0 | 4 |
_aPintores españoles _921510 |
| 650 | 0 | 4 |
_aPinturas _921575 |
| 942 |
_cLIBRO _a27 _e1 _n0 |
||
| 999 |
_c84399 _d84399 |
||